Central Library OPAC University of Rajshahi

Z. Marcas / (Record no. 23952)

MARC details
000 -LEADER
fixed length control field 01138nam a2200325 a 4500
001 - CONTROL NUMBER
control field 23952
003 - CONTROL NUMBER IDENTIFIER
rucl marc code BD-RjUL
005 - DATE AND TIME OF LATEST TRANSACTION
control field 20211209001006.0
008 - FIXED-LENGTH DATA ELEMENTS--GENERAL INFORMATION
fixed length control field 140312t1898 enk 000 1 eng d
035 ## - SYSTEM CONTROL NUMBER
System control number (BD-RjUL)24017
040 ## - CATALOGING SOURCE
Original cataloging agency DLC
Language of cataloging eng
Transcribing agency DLC
Modifying agency BD-RjUL
041 1# - LANGUAGE CODE
Language code of text/sound track or separate title eng
Language code of original fre
082 04 - DEWEY DECIMAL CLASSIFICATION NUMBER
Classification number 843.7
Author mark and year BAZ.1898
100 1# - MAIN ENTRY--PERSONAL NAME
Personal name Balzac, Honoré de,
Dates associated with a name 1799-1850.
9 (RLIN) 73747
245 13 - TITLE STATEMENT
Title Z. Marcas /
Statement of responsibility, etc. by Honoré de Balzac
250 ## - EDITION STATEMENT
Edition statement Caxton ed
260 ## - PUBLICATION, DISTRIBUTION, ETC. (IMPRINT)
Place of publication, distribution, etc. London :
Name of publisher, distributor, etc. Caxton Publishing Company,
Date of publication, distribution, etc. c1898.
300 ## - PHYSICAL DESCRIPTION
Pagination 368 p. ;
Size 21 cm.
490 1# - SERIES STATEMENT
Series statement The human comedy. Military and political life ;
Volume/sequential designation v. 3
500 ## - GENERAL NOTE
General note "With illustrations"
General note References: George, Albert. "Books by Balzac" (New York, 1960)
General note Translated from the French
General note Dated December, 1847
505 0# - FORMATTED CONTENTS NOTE
Formatted contents note Contents: Z. Marcas -- The other side of contemporaneous history. First episode, Madame de la Chanterie -- Second episode, The novice
650 1# - SUBJECT ADDED ENTRY--TOPICAL TERM
Topical term or geographic name as entry element French fiction -- Translations into English.
9 (RLIN) 63241
830 #0 - SERIES ADDED ENTRY--UNIFORM TITLE
Volume number/sequential designation v. 3
830 #0 - SERIES ADDED ENTRY--UNIFORM TITLE
Uniform title The human comedy.
942 ## - ADDED ENTRY ELEMENTS (KOHA)
Source of classification or shelving scheme Dewey Decimal Classification
Koha item type Books
Holdings
Lost status Source of classification or shelving scheme Damaged status Not for loan Collection code Permanent Location Current Location Shelving location Date acquired Source of acquisition Cost, normal purchase price Total Checkouts Full call number Date last seen Copy number Koha item type
  Dewey Decimal Classification   Added to bundle Fiction Central Library, University of Rajshahi Central Library, University of Rajshahi Reading Room 20/11/1956 B.H.Black well 10.10   843.7 BAZ 1898 12/03/2014 C-1 Books